00618nam a2200241 a 4500001001300000003000900013005001700022008004100039020001000080082001300090100001800103245002900121260002300150300000900173500003500182505001000217650000800227700001800235902000800253942000700261952009300268999001500361nice12345678IN_TiNIC20260116011438.0050524s1952 lona grp 000 0 eng  ac10000a231bPRE aPrestige, G L aGod in Patristic Thought aLondonbSpckc1952 a318p aincludes index and biblioraphy2 aIndex aGod1 aPrestige, G L bSRS cBK 00104070aHMIbHMId2007-06-14g100.00l0o231 PREp01357r2007-06-14w2026-01-16yEB c1603d1603